| 000 | 01288aam a2200313 4500 | ||
|---|---|---|---|
| 001 | 20405 | ||
| 003 | CO-MdFUSB | ||
| 005 | 20170605122754.0 | ||
| 008 | 170602t1993 xxu||||f |||| 00| 0 eng d | ||
| 020 | _a0-8006-2615-X | ||
| 040 |
_aCO-MdFUSB _bspa _cCO-MdFUSB _dCO-MdFUSB _erda |
||
| 041 | _aeng | ||
| 082 |
_224 _aG 221.04 _bB183p |
||
| 100 | 1 |
_aBalentine, Samuel E. _eautor |
|
| 245 | 1 | 0 |
_aPrayer in the Hebrew Bible _b: The drama of divine-human dialogue _c/ Samuel E. Balentine |
| 264 | 1 |
_aMinneapolis, Minnesota : _bFortress Press _c℗1993 |
|
| 264 | 4 | _c©1993 | |
| 300 |
_axvi, 311 páginas _b: _c; |
||
| 336 |
_2rdacontent _a1 _ba1 |
||
| 337 |
_2rdamedia _a2 _b5 |
||
| 338 |
_2rdacarrier _a2 _b5 |
||
| 490 | _aOvertures to Biblical Theology | ||
| 500 | _aIncluye índices (p. 297-311) | ||
| 505 | 0 | 0 | _aEl sujeto y el intérprete - El método - En el principio Dios - Oración y la representación de caracteres - La oración y la caracterización de Dios - Oración por la justicia divina - La tradición del lamento - Alabanza que tiene sentido - La oración en la teología de la Biblia hebrea - La teología en la oración hebrea - ¿Casa de oración o cueva de ladrones? |
| 563 | _aRústico | ||
| 650 | 7 |
_986 _aOración |
|
| 942 | _cBK | ||
| 999 |
_c46756 _d46756 |
||